000 00473 a2200169 4500
003 OSt
005 20231218144631.0
008 231218b |||||||| |||| 00| 0 eng d
020 _a9789387330801
040 _coclc
082 _a891.433
_bPRA/D
100 _aPrakash, Uday
_910171
245 _aDARIYAI GHODA /
_cUday Prakash
260 _aNew Delhi:
_bVani Prakashan,
_c2020.
300 _a120p
942 _2ddc
_cBK
_h891.433
_iPRA/D
_k891.433
_mPRA/D
999 _c43479
_d43479